Vplyv spojív na stabilitu farebnej vrstvy na báze kyseliny karmínovej diplomová práca

Salvato in:
Dettagli Bibliografici
Autore principale: Vorčáková, Dominika
Natura: Libro
Lingua:slovacco
Pubblicazione: Bratislava STU FCHPT 25 cm
Accesso online:Visualizza in OPAC
Tags: Aggiungi Tag
Nessun Tag, puoi essere il primo ad aggiungerne!!

MARC

LEADER 00000nam a2200000 a 4500
005 20260127134041.0
008 170913 2017 xo 001 0 slo d
035 |a vtls011710729 
039 9 |y 201709131122  |z mschk03 
040 |a STUSCHK1  |b slo  |c STUSCHK1  |e AACR2 
100 1 |a Vorčáková, Dominika 
245 1 |a Vplyv spojív na stabilitu farebnej vrstvy na báze kyseliny karmínovej  |b diplomová práca  |c Dominika Vorčáková 
260 |a Bratislava  |b STU FCHPT  |c 25 cm 
300 |a 83 s.  |b il.  |c 25 cm 
500 |a Študijný program: prírodné a syntetické polyméry 
500 |a Študijný odbor: chemické technológie 
500 |a Školiace pracovisko: Oddelenie polygrafie a aplikovanej fotochémie 
500 |a Evid. číslo: FCHPT-13576-61005 
910 |a SCHK95 
999 |c 2913  |d 2913